| 000 | 01123nam a2200241 i 4500 | ||
|---|---|---|---|
| 001 | 51174 | ||
| 003 | ES-MaACL | ||
| 005 | 20250808090127.0 | ||
| 007 | t| | ||
| 008 | 140423s1894 it ||||1| ita d | ||
| 080 | _a342.4(100) | ||
| 100 | 1 |
_aBrunialti, Attilio. _932183 |
|
| 245 | 1 | 0 |
_aFormazione e revisione delle Costituzioni moderne / _cA. Brunialti. Le costituzioni dei popoli liberi / L. Palma. Testi delle principali costituzioni moderni. |
| 260 |
_aTorino : _bUnione Tipografico-Editrice, _c1894. |
||
| 300 |
_aCLXVI, 1034 p. ; _c24 cm. |
||
| 490 | 1 |
_aBiblioteca di scienze politiche e amministrative : scelta collezione... Seconda serie : Opere di Diritto Amministrativo e Costituzionale / diretta da Attilio Brunialti ; _v2 |
|
| 650 | 7 |
_aPolĂtica _2embne _9140345 |
|
| 650 | 0 | 7 |
_aDerecho constitucional _2embne _911680 |
| 700 | 1 |
_aPalma, Luigi. _9130800 |
|
| 830 | 0 |
_aBiblioteca di scienze politiche e amministrative : scelta collezione... Seconda serie : Opere di Diritto Amministrativo e Costituzionale / diretta da Attilio Brunialti ; _v2 _9182342 |
|
| 852 |
_aES-MaACL _jB-9324 |
||
| 999 |
_c51174 _d51174 |
||